| 000 | 01046nam a2200313 a 4500 | ||
|---|---|---|---|
| 001 | |||
| 003 | DO-SdBNP | ||
| 005 | 20211025082027.0 | ||
| 008 | 110225s2006 dr a 001 0 spa d | ||
| 040 |
_aDO-SdBNP _bspa _cBPMSU |
||
| 082 |
_a659.1 _bC794p 2006 _222 |
||
| 100 | 1 | _aCordero, Heddel | |
| 245 | 1 | 3 |
_aLa publicidad : _bel arte de convencer consumidores / _cHeddel Cordero. |
| 260 |
_aSanto Domingo : _bGente, _c2006. |
||
| 300 |
_a201 p. ; _c22 cm. _b |
||
| 500 | _aIncluye índice onomástico. | ||
| 500 | _aIncluye datos biográficos del autor en las solapas de la cubierta. | ||
| 500 | _aIncluye ¨La Jerga¨ o vocabulario publicitario: p. 145-192. | ||
| 504 | _aBibliografía: p.193-195. | ||
| 590 | _aInventariado, 2021/VM | ||
| 650 | 4 |
_aPublicidad _xAspectos sociales |
|
| 650 | 4 | _aAptitud creadora en publicidad | |
| 650 | 4 | _aPosicionamiento (publicidad) | |
| 650 | 4 | _aAdministración en publicidad | |
| 650 | 4 | _aCampañas publicitarias | |
| 650 | 4 | _aPromoción de ventas | |
| 910 | _aVMateo V. | ||
| 942 |
_2ddc _cBK |
||
| 999 |
_c13820 _d13820 |
||